000 00630nam a22001457a 4500
020 _a978-0-143-42736-0
082 _a823
_bORW/N
100 _aORWELL, GEORGE
245 _a1984
260 _aUNITED STATES
_bPENGUIN BOOKS
_c2016
300 _a325
520 _aThe novel examines a futuristic society, called the World State, that revolves around science and efficiency. In this society, emotions and individuality are conditioned out of children at a young age, and there are no lasting relationships because “every one belongs to every one else” (a common World State dictum)
650 _aNOVEL
_zUNITED STATES
942 _cBK
999 _c3619
_d3619